| 000 | 00597nam a2200205 i 4500 | ||
|---|---|---|---|
| 003 | OSt | ||
| 005 | 20160114080319.0 | ||
| 008 | 020226s1975 esp 0011 spa d | ||
| 020 | _a84-226-0687-9 | ||
| 040 | _cBMC | ||
| 082 | _a843 | ||
| 100 | 1 |
_9515 _aBalzac, Honoré de _d1799-1850 |
|
| 245 | 1 | 0 |
_aPapá Goriot _cHonorato de Balzac ; [traducción, Augusto Escarpizo] |
| 260 |
_aMadrid _bCírculo de lectores _c1975 |
||
| 300 |
_a290 p. _c20 cm |
||
| 490 | _aClásicos de la literatura universal | ||
| 650 | 2 | 4 |
_911443 _aNovela francesa |
| 700 | 1 |
_aEscarpizo, Augusto _937899 |
|
| 942 |
_2ddc _cBK |
||
| 999 |
_c24330 _d24330 |
||